| 000 | 00553 a2200205 4500 | ||
|---|---|---|---|
| 999 |
_c532540 _d532540 |
||
| 003 | NUST | ||
| 005 | 20191125114443.0 | ||
| 008 | 191125b ||||| |||| 00| 0 eng d | ||
| 020 | _a 978-8120338524 | ||
| 024 | _a 8120338529 | ||
| 038 | _aMSOHAIL | ||
| 082 | _a624.2029 JAG | ||
| 100 |
_aJagadeesh,T.R. _926121 |
||
| 245 |
_aDesign of Bridge Structures / _cT.R.Jagadeesh |
||
| 250 | _a2nd | ||
| 260 |
_aNew Delhi : _cPrentice Hall of India, _b2013 |
||
| 300 |
_a342p. : _bill. ; _c23cm |
||
| 650 |
_aBridge Engineering _918360 |
||
| 942 |
_2ddc _cBK |
||